| Tag |
First Indicator |
Second Indicator |
Subfields |
| LEADER |
00000cas a2200000 4500 |
| 001 |
in00000730113 |
| 005 |
20190207095021.0 |
| 008 |
760122d19671978txuqr1p 0uuua0eng |
| 010 |
|
|
|a 75645576
|
| 012 |
|
|
|a 2
|b 1
|c -
|d 7
|e -
|f -
|g p
|h -
|i ----
|l 1
|
| 022 |
|
|
|a 0148-9682
|
| 035 |
|
|
|a (OCoLC)02242523
|
| 035 |
|
|
|9 ADE6017AM
|
| 037 |
|
|
|b Hays County Historical and Genealogical Society, P.O. Box 1387, San Marcos, Tex. 78666
|
| 040 |
|
|
|a DLC
|c DLC
|d NSD
|d OCL
|d TXA
|d UtOrBLW
|
| 042 |
|
|
|a lc
|a nsdp
|
| 043 |
|
|
|a n-us-tx
|
| 049 |
|
|
|a TXAS
|
| 050 |
0 |
0 |
|a T392.H46
|b H38a
|
| 082 |
0 |
|
|a 929/.3764/888
|
| 090 |
|
|
|a F392.H46
|b H46
|
| 110 |
2 |
|
|a Hays County Historical and Genealogical Society.
|
| 222 |
|
0 |
|a Quarterly - Hays County Historical and Genealogical Society
|
| 245 |
1 |
0 |
|a Quarterly.
|
| 264 |
|
1 |
|a San Marcos, Tex.
|b [publisher not identified] ;
|
| 300 |
|
|
|a 12 volumes ;
|c 28 cm.
|
| 336 |
|
|
|a text
|b txt
|2 rdacontent
|
| 337 |
|
|
|a unmediated
|b n
|2 rdamedia
|
| 338 |
|
|
|a volume
|b nc
|2 rdacarrier
|
| 362 |
0 |
|
|a v. 1-12; Nov. 1967-1978.
|
| 500 |
|
|
|a The Cushing Library/Chapman Texas Collection copy is part of the Floyd & Louise Chapman Texas & Borderlands Collection.
|5 TXA
|
| 580 |
|
|
|a The Cushing Library/Lowman/Bibliography & Book Arts copies form part of the Bibliography and Book Arts Section of the Al Lowman Printing Arts Collection and Research Archive.
|
| 651 |
|
0 |
|a Hays County (Tex.)
|x Genealogy
|x Periodicals.
|
| 773 |
0 |
|
|t Al Lowman Printing Arts Collection and Research Archive.
|
| 999 |
|
|
|a MARS
|
| 999 |
f |
f |
|s 7da16f0c-843d-3c69-98ee-c67a759a519a
|i b702e042-79d2-3937-9720-70fb57e9b4a4
|t 0
|
| 952 |
f |
f |
|p noncirc
|a Texas A&M University
|b College Station
|c Cushing Memorial Library & Archives
|d Cushing: Lowman (Does not check out)
|t 0
|e F392.H46 H46
|h Library of Congress classification
|i unmediated -- volume
|
| 952 |
f |
f |
|p noncirc
|a Texas A&M University
|b College Station
|c Cushing Memorial Library & Archives
|d Cushing: Chapman Texas Collection (Does not check out)
|t 0
|e F392.H46 H46
|h Library of Congress classification
|i unmediated -- volume
|
| 952 |
f |
f |
|p noncirc
|a Texas A&M University
|b College Station
|c Cushing Memorial Library & Archives
|d Cushing: Chapman Texas Collection (Does not check out)
|t 0
|e F392.H46 H46
|h Library of Congress classification
|i unmediated -- volume
|
| 998 |
f |
f |
|a F392.H46 H46
|s v.1:no.1 (1967:Nov.)-v.12:no.4 (1978:Dec.)
|t 0
|l Cushing: Chapman Texas Collection (Does not check out)
|
| 998 |
f |
f |
|a F392.H46 H46
|s v.4:no.2 (1970:June)
|t 0
|l Cushing: Chapman Texas Collection (Does not check out)
|
| 998 |
f |
f |
|a F392.H46 H46
|s v.10:no.2 (1976:June)
|t 0
|l Cushing: Lowman (Does not check out)
|